000 00583nam a22001937a 4500
005 20251108175502.0
008 250721s2016 xx 000 0 ara d
082 1 4 _aط/646/ناي
100 1 _aنايت، شولي
245 1 0 _aأساسيات الخياطة و فنونها /
264 1 _aالجزائر :
_bدار الهدى للطباعة،
_c2016.
300 _a142ص.
650 1 7 _aالخياطة
650 1 7 _aالخياطة
650 1 7 _aصناعة الملابس
653 _aمرحلة ناشؤون كبار (15-18)سنة
942 _2ddc
_cBK
999 _c135248
_d135248